[Event "Tabor op"]
[Site "Tabor"]
[Date "2012.07.30"]
[Round "3"]
[White "Vojacek, Zdenek"]
[Black "Bastyr, Pavel"]
[Result "1-0"]
[WhiteElo "1897"]
[BlackElo "1588"]
[PlyCount "49"]
[EventDate "2012.07.29"]
[EventType "swiss"]
[EventRounds "9"]
[EventCountry "CZE"]
[SourceTitle "EXT 2013"]
[Source "ChessBase"]
[SourceDate "2012.11.22"]
[SourceVersion "1"]
[SourceVersionDate "2012.11.22"]
[SourceQuality "1"]

1. Nf3 d5 2. b3 Nf6 3. Bb2 Nc6 4. e3 Bg4 5. Be2 e6 6. 0-0 Be7 7. d3 0-0 8. Nbd2 Bd6 9. c4 a5 10. a3 Re8 11. d4 b6 12. Rc1 Na7 13. Ne5 Bxe2 14. Qxe2 Qe7 15. Qf3 c6 16. e4 Bxa3 17. Bxa3 Qxa3 18. cxd5 cxd5 19. Rc7 Nb5 20. Rxf7 Nxd4 21. Qe3 Rec8 22. Qg5 Ne8 23. h4 dxe4 24. Nxe4 Rc1 25. Nf6+ 1-0

[Event "Brno Trade op"]
[Site "Brno"]
[Date "2011.08.24"]
[Round "5"]
[White "Zavadilova, Karolina"]
[Black "Vojacek, Zdenek"]
[Result "1-0"]
[WhiteElo "1755"]
[BlackElo "1943"]
[PlyCount "65"]
[EventDate "2011.08.21"]
[EventType "swiss"]
[EventRounds "9"]
[EventCountry "CZE"]
[SourceTitle "CBM 144 Extra"]
[Source "ChessBase"]
[SourceDate "2011.10.28"]
[SourceVersion "1"]
[SourceVersionDate "2011.10.28"]
[SourceQuality "1"]

1. e4 c5 2. Nc3 Nc6 3. Bb5 d6 4. Bxc6+ bxc6 5. f4 e6 6. Nf3 Ne7 7. d3 Ng6 8. 0-0 Be7 9. Na4 0-0 10. Be3 Qa5 11. b3 f5 12. e5 d5 13. Qe2 Ba6 14. Rac1 c4 15. Nd4 Ba3 16. Rb1 Rfe8 17. Nxc6 cxd3 18. cxd3 Qb5 19. Nd4 Qxd3 20. Qf2 Rac8 21. Rbd1 Qe4 22. Rfe1 Bc5 23. Nc3 Bxd4 24. Nxe4 Bxe3 25. Nf6+ gxf6 26. Qxe3 fxe5 27. fxe5 Rc2 28. Rc1 Rec8 29. Rxc2 Rxc2 30. Qg5 Bd3 31. Rc1 Rxc1+ 32. Qxc1 Nxe5 33. Qc3 1-0

[Event "CZE-chT2d 0607"]
[Site "Czech Republic"]
[Date "2007.04.15"]
[Round "11"]
[White "Vlk, Miroslav"]
[Black "Vojacek, Zdenek"]
[Result "1-0"]
[WhiteElo "2059"]
[BlackElo "1989"]
[PlyCount "95"]
[EventDate "2006.10.15"]
[EventType "team"]
[EventRounds "11"]
[EventCountry "CZE"]
[SourceTitle "EXT 2009"]
[Source "ChessBase"]
[SourceDate "2008.11.26"]
[SourceVersion "1"]
[SourceVersionDate "2008.11.26"]
[SourceQuality "1"]

1. d4 d5 2. c4 e6 3. Nc3 Nf6 4. Bg5 Nbd7 5. Nf3 Be7 6. e3 0-0 7. cxd5 exd5 8. Bd3 c6 9. Qc2 Re8 10. 0-0 h6 11. Bh4 Ne4 12. Bxe7 Qxe7 13. b4 Qxb4 14. Nxe4 dxe4 15. Bxe4 Qe7 16. Bh7+ Kh8 17. Bd3 Nf6 18. Rab1 Rb8 19. Rb2 Nd5 20. Ne5 Be6 21. Rfb1 Qc7 22. e4 Nf4 23. Bc4 Bxc4 24. Qxc4 f6 25. Nf7+ Kh7 26. e5 fxe5 27. Nxe5 c5 28. Nf3 b6 29. dxc5 bxc5 30. g3 Rxb2 31. Rxb2 Ne6 32. Qe4+ Kh8 33. Rb7 Qd6 34. Ne5 Qd4 35. Nf7+ Kg8 36. Nxh6+ Kh8 37. Qc6 Rf8 38. Nf7+ Rxf7 39. Rxf7 Ng5 40. Qc8+ Kh7 41. Qf5+ Kh6 42. Rd7 Qc3 43. Rd6+ Kh5 44. h4 Qe1+ 45. Kg2 Qe4+ 46. Qxe4 Nxe4 47. Rd5+ Kg6 48. f3 1-0

[Event "CZE-ch Juniors op-A"]
[Site "Sec u Chrudimi"]
[Date "2007.03.16"]
[Round "8"]
[White "Rehak, Jakub"]
[Black "Vojacek, Zdenek"]
[Result "1-0"]
[WhiteElo "1879"]
[BlackElo "1989"]
[PlyCount "59"]
[EventDate "2007.03.10"]
[EventType "swiss"]
[EventRounds "9"]
[EventCountry "CZE"]
[SourceTitle "EXT 2008"]
[Source "ChessBase"]
[SourceDate "2007.11.25"]
[SourceVersion "1"]
[SourceVersionDate "2007.11.25"]
[SourceQuality "1"]

1. e4 e5 2. Nf3 Nc6 3. Bc4 Bc5 4. c3 Nf6 5. d4 exd4 6. cxd4 Bb4+ 7. Nc3 d5 8. exd5 Ne7 9. Qa4+ b5 10. Qxb5+ Nc6 11. dxc6 Qe7+ 12. Qe5 Qxe5+ 13. Nxe5 0-0 14. 0-0 Bxc3 15. bxc3 Ne4 16. Ba3 Nd6 17. Bxd6 cxd6 18. Nd7 Rd8 19. Bb5 a6 20. Ba4 f6 21. Rfe1 Kf7 22. Rab1 h6 23. Nb6 Ra7 24. Nxc8 Rxc8 25. Rb7+ Rc7 26. Rxa7 Rxa7 27. Rb1 Ra8 28. d5 Rc8 29. Rb7+ Kg6 30. c7 1-0

[Event "CZE-ch Juniors op-A"]
[Site "Sec u Chrudimi"]
[Date "2007.03.15"]
[Round "7"]
[White "Vojacek, Zdenek"]
[Black "Kuchynka, Lubos"]
[Result "0-1"]
[WhiteElo "1989"]
[BlackElo "2061"]
[PlyCount "124"]
[EventDate "2007.03.10"]
[EventType "swiss"]
[EventRounds "9"]
[EventCountry "CZE"]
[SourceTitle "EXT 2008"]
[Source "ChessBase"]
[SourceDate "2007.11.25"]
[SourceVersion "1"]
[SourceVersionDate "2007.11.25"]
[SourceQuality "1"]

1. Nf3 Nf6 2. b3 d5 3. Bb2 c5 4. e3 Nc6 5. Bb5 e6 6. 0-0 Bd6 7. d3 Qc7 8. Bxc6+ bxc6 9. d4 cxd4 10. exd4 0-0 11. Nbd2 c5 12. dxc5 Bxc5 13. Ne5 Ba6 14. Ng4 Qf4 15. Nxf6+ gxf6 16. c4 e5 17. g3 Qh6 18. Re1 Bb4 19. Re2 Rfd8 20. a3 Be7 21. Re1 dxc4 22. Qg4+ Qg6 23. Qxg6+ fxg6 24. Nxc4 Rd5 25. Rad1 Rad8 26. Rxd5 Rxd5 27. f4 Bc5+ 28. Kf1 Rd2 29. Re2 Rd1+ 30. Re1 Rd3 31. Rc1 Rxb3 32. Ke1 exf4 33. gxf4 Be3 34. Nxe3 Rxb2 35. Rc2 Rxc2 36. Nxc2 Kf7 37. Nd4 Bc4 38. Kd2 g5 39. Kc3 Bf1 40. Nc6 a6 41. f5 h5 42. a4 g4 43. Kd4 h4 44. Ke3 g3 45. h3 Bxh3 46. Nd4 Bf1 47. Kf3 g2 48. Kf2 Ke7 49. Nf3 h3 50. Kg3 Kd6 51. Ng1 Ke5 52. Kxh3 Kxf5 53. Kg3 Ke4 54. Kf2 Kd4 55. Nh3 Kc4 56. Nf4 Kb4 57. a5 Ka4 58. Nd5 f5 59. Ne7 f4 60. Nc6 f3 61. Kg1 Be2 62. Kf2 Kb5 0-1

[Event "CZE-ch Juniors op-A"]
[Site "Sec u Chrudimi"]
[Date "2007.03.12"]
[Round "3"]
[White "Vojacek, Zdenek"]
[Black "Hlavacek, Pavel"]
[Result "0-1"]
[WhiteElo "1989"]
[BlackElo "1766"]
[PlyCount "106"]
[EventDate "2007.03.10"]
[EventType "swiss"]
[EventRounds "9"]
[EventCountry "CZE"]
[SourceTitle "EXT 2008"]
[Source "ChessBase"]
[SourceDate "2007.11.25"]
[SourceVersion "1"]
[SourceVersionDate "2007.11.25"]
[SourceQuality "1"]

1. Nf3 d5 2. b3 Nf6 3. Bb2 b6 4. e3 Bb7 5. d4 e6 6. Nbd2 Bd6 7. Bd3 Nbd7 8. 0-0 Ne4 9. Ne5 Nxd2 10. Qxd2 f5 11. f4 g5 12. Qe2 h5 13. Bb5 Bxe5 14. dxe5 c6 15. Ba6 Bxa6 16. Qxa6 Nc5 17. Qe2 g4 18. c4 h4 19. cxd5 cxd5 20. Rfc1 Qd7 21. Rc2 Kf7 22. Rac1 Rac8 23. Ba3 Ne4 24. Qa6 Rxc2 25. Rxc2 h3 26. g3 Rb8 27. b4 Qb7 28. b5 Ke8 29. Rc6 Kd7 30. Qa4 a5 31. Qd4 Rc8 32. Rxb6 Qc7 33. Rc6 Qb7 34. Ra6 Qxb5 35. Rb6 Qc4 36. Rb7+ Rc7 37. Rxc7+ Qxc7 38. Qa4+ Kd8 39. Qb5 Qa7 40. Kf1 Kc7 41. Qe8 Qb6 42. Qe7+ Kc8 43. Qe8+ Kb7 44. Qd7+ Ka6 45. Qc8+ Kb5 46. Qe8+ Qc6 47. Qb8+ Ka6 48. Qb2 Qb5+ 49. Qxb5+ Kxb5 50. Be7 Nc3 51. a3 Kc4 52. Ke1 a4 53. Bb4 Ne4 0-1

[Event "CZE-chT2d 0607"]
[Site "Czech Republic"]
[Date "2006.11.19"]
[Round "3"]
[White "Danek, Pavel"]
[Black "Vojacek, Zdenek"]
[Result "1/2-1/2"]
[WhiteElo "1968"]
[BlackElo "1989"]
[PlyCount "28"]
[EventDate "2006.10.15"]
[EventType "team"]
[EventRounds "11"]
[EventCountry "CZE"]
[SourceTitle "EXT 2009"]
[Source "ChessBase"]
[SourceDate "2008.11.26"]
[SourceVersion "1"]
[SourceVersionDate "2008.11.26"]
[SourceQuality "1"]

1. d4 d5 2. Nf3 Nf6 3. c3 Nbd7 4. Bg5 g6 5. Nbd2 Bg7 6. e3 0-0 7. Bd3 c5 8. 0-0 b6 9. Re1 Bb7 10. Qc2 Rc8 11. Rac1 Re8 12. Qb1 Nf8 13. Ne5 N6d7 14. Nxd7 Qxd7 1/2-1/2

[Event "CZE-chT2d 0607"]
[Site "Czech Republic"]
[Date "2006.11.05"]
[Round "2"]
[White "Vojacek, Zdenek"]
[Black "Tesar, Jan"]
[Result "0-1"]
[WhiteElo "1989"]
[BlackElo "2098"]
[PlyCount "90"]
[EventDate "2006.10.15"]
[EventType "team"]
[EventRounds "11"]
[EventCountry "CZE"]
[SourceTitle "EXT 2009"]
[Source "ChessBase"]
[SourceDate "2008.11.26"]
[SourceVersion "1"]
[SourceVersionDate "2008.11.26"]
[SourceQuality "1"]

1. Nf3 d5 2. b3 Bf5 3. e3 c6 4. Bb2 h6 5. d4 Nf6 6. Bd3 Ne4 7. 0-0 e6 8. Nfd2 Bd6 9. Nc3 Nxc3 10. Bxc3 Bxd3 11. cxd3 0-0 12. e4 a5 13. f4 Qb6 14. Kh1 Bb4 15. Bxb4 axb4 16. Nf3 Na6 17. Qd2 Rfd8 18. e5 Rac8 19. Rac1 c5 20. Rc2 cxd4 21. Rfc1 Rc3 22. Qf2 Rxd3 23. Rc8 Rd1+ 24. Ne1 Rxc1 25. Rxc1 Nb8 26. Nf3 Nc6 27. g3 Ra8 28. Rc2 Ra5 29. Rd2 Qa7 30. Nxd4 Nxd4 31. Qxd4 Rxa2 32. Qxa7 Rxa7 33. Rd4 Kf8 34. Rxb4 Ke7 35. Kg2 Kd7 36. Rd4 Ra2+ 37. Kg1 Kc6 38. h4 Kc5 39. Rd3 d4 40. h5 Kd5 41. Rd1 Rb2 42. Rc1 d3 43. Rc7 d2 44. Rd7+ Ke4 45. Kf1 Ke3 0-1

[Event "Brno Trade op"]
[Site "Brno"]
[Date "2006.08.27"]
[Round "1"]
[White "Vyskocil, Neklan"]
[Black "Vojacek, Zdenek"]
[Result "1-0"]
[WhiteElo "2353"]
[BlackElo "2019"]
[PlyCount "91"]
[EventDate "2006.08.27"]
[EventType "swiss"]
[EventRounds "9"]
[EventCountry "CZE"]
[SourceTitle "EXT 2007"]
[Source "ChessBase"]
[SourceDate "2006.11.23"]
[SourceVersion "1"]
[SourceVersionDate "2006.11.23"]
[SourceQuality "1"]

1. e4 e5 2. Nf3 Nc6 3. d4 exd4 4. Nxd4 Bc5 5. Nxc6 Qf6 6. Qf3 Qxf3 7. gxf3 bxc6 8. Be3 Bxe3 9. fxe3 d6 10. Rg1 Ne7 11. c4 g6 12. Nc3 Be6 13. f4 f6 14. 0-0-0 0-0-0 15. c5 Kb7 16. b3 Rhe8 17. Rd4 dxc5 18. Rxd8 Rxd8 19. Na4 Bf7 20. Nxc5+ Kb6 21. Na4+ Kb7 22. Bh3 Rd6 23. Kc2 Kb8 24. Nc5 a5 25. b4 a4 26. a3 Bb3+ 27. Kc3 Nc8 28. Nxb3 axb3 29. Rb1 Nb6 30. Bg4 b2 31. Bd1 Ka7 32. Bb3 c5 33. bxc5 Rc6 34. Kd4 Nd7 35. Ba4 Rxc5 36. Bxd7 Rc1 37. Rxb2 Rd1+ 38. Kc5 Rxd7 39. e5 fxe5 40. fxe5 Rd3 41. e4 Rd7 42. Kc6 Re7 43. Kd5 Re8 44. e6 Rd8+ 45. Ke5 c5 46. e7 1-0

[Event "Brno Trade op-A"]
[Site "Brno"]
[Date "2005.09.01"]
[Round "5"]
[White "Tikovsky, Alexander"]
[Black "Vojacek, Zdenek"]
[Result "1-0"]
[WhiteElo "2205"]
[BlackElo "2005"]
[PlyCount "87"]
[EventDate "2005.08.28"]
[EventType "swiss"]
[EventRounds "9"]
[EventCountry "CZE"]
[SourceTitle "CBM 108 Extra"]
[Source "ChessBase"]
[SourceDate "2005.11.04"]
[SourceVersion "1"]
[SourceVersionDate "2005.11.04"]
[SourceQuality "1"]

1. g3 Nf6 2. Bg2 d5 3. Nf3 e6 4. 0-0 Be7 5. c4 0-0 6. d4 c6 7. b3 Nbd7 8. Bb2 dxc4 9. bxc4 Qb6 10. Qc2 Rd8 11. Nbd2 c5 12. e3 Qc7 13. Ne1 cxd4 14. exd4 Nb6 15. a4 Bb4 16. a5 Nbd5 17. Nb3 Bxe1 18. Rfxe1 Rb8 19. Qe2 Nb4 20. d5 exd5 21. Be5 Qxc4 22. Bxb8 Qxb3 23. Rab1 Qa4 24. Bc7 Re8 25. Qd2 Rxe1+ 26. Rxe1 Be6 27. Rb1 Nc2 28. Be5 Ne4 29. Qe2 f6 30. Bf4 Nd4 31. Qb2 Nc3 32. Ra1 Nde2+ 33. Kh1 Ne4 34. Be3 Qc4 35. Qxb7 Qc3 36. Qa8+ Kf7 37. Qxa7+ Ke8 38. Rb1 Bc8 39. Qb6 Qc2 40. Qb3 Qc6 41. Bxe4 dxe4 42. Qg8+ Ke7 43. Qxh7 Ke8 44. Qh5+ 1-0

[Event "Stare Mesto op"]
[Site "Stare Mesto"]
[Date "2004.08.20"]
[Round "9"]
[White "Hecko, Dusan"]
[Black "Vojacek, Zdenek"]
[Result "1/2-1/2"]
[WhiteElo "2152"]
[BlackElo "2025"]
[PlyCount "51"]
[EventDate "2004.08.13"]
[EventType "swiss"]
[EventRounds "10"]
[EventCountry "CZE"]
[SourceTitle "EXT 2006"]
[Source "ChessBase"]
[SourceDate "2005.11.24"]
[SourceVersion "1"]
[SourceVersionDate "2005.11.24"]
[SourceQuality "1"]

1. e4 c5 2. Nc3 Nc6 3. g3 g6 4. Bg2 Bg7 5. d3 d6 6. Nge2 e5 7. 0-0 Nge7 8. Be3 0-0 9. Qd2 Nd4 10. f4 f5 11. Rae1 Rb8 12. Bxd4 cxd4 13. Nd1 Qb6 14. Kh1 Be6 15. c4 Qa6 16. b3 Kh8 17. Nf2 fxe4 18. dxe4 b5 19. cxb5 Qxb5 20. Nd3 Nc6 21. Rc1 Nb4 22. Nxb4 Qxb4 23. Qxb4 Rxb4 24. Rc6 d3 25. Nc3 exf4 26. gxf4 1/2-1/2